[Event "Bundesliga 2009-10"]
[Site "Berlin GER"]
[Date "2009.12.13"]
[Round "6"]
[White "Rosen,B"]
[Black "Kachibadze,Ge"]
[Result "1-0"]
[WhiteElo "2355"]
[BlackElo "2239"]

1.Nf3 d5 2.g3 e6 3.Bg2 Be7 4.c4 Nf6 5.O-O O-O 6.d4 c6 7.b3 Nbd7 8.Qc2 b6
9.Rd1 Bb7 10.Nc3 Rc8 11.e4 c5 12.exd5 exd5 13.dxc5 dxc4 14.b4 bxc5 15.b5 Qb6
16.Bf4 Rfd8 17.a4 Nf8 18.Re1 Bd6 19.a5 Qc7 20.b6 Qb8 21.Bxd6 Qxd6 22.Nb5 Qd3
23.Qxd3 cxd3 24.Nxa7 Rb8 25.Nd2 Ne6 26.Bxb7 Rxb7 27.Nc6 Rf8 28.Nc4 Nd5 29.Red1 Ra8
30.Nd6 Rd7 31.b7 Rxb7 32.Nxb7 c4 33.Ne5 Nc3 34.Nxc4 Nxd1 35.Rxd1 Rb8 36.Ncd6  1-0

[Event "ch-VIE Men Masters"]
[Site "Ho Chi Minh City VIE"]
[Date "2009.12.15"]
[Round "8"]
[White "Phan Trong Binh"]
[Black "Duong The Anh"]
[Result "0-1"]
[WhiteElo "2072"]
[BlackElo "2440"]

1.Nf3 d5 2.g3 c6 3.Bg2 Nf6 4.d3 Bf5 5.Nbd2 h6 6.b3 e6 7.Bb2 Be7 8.O-O O-O
9.Qe1 a5 10.a3 Bh7 11.e4 Nbd7 12.Qe2 Qb6 13.e5 Ne8 14.Bd4 Qa6 15.h4 c5 16.Be3 Nc7
17.c4 a4 18.Rfc1 Rfd8 19.d4 axb3 20.Nxb3 dxc4 21.Qxc4 Qxc4 22.Rxc4 b5 23.Rcc1 c4
24.Nc5 Nd5 25.Nd2 Nxc5 26.dxc5 Nxe3 27.Bxa8 Nc2 28.Ra2 Rxa8 29.Rcxc2 Bxc2
30.Rxc2 Bxc5 31.Nxc4 bxc4 32.Rxc4 Bxa3 33.f4 h5 34.Kf2 Kh7 35.Kf3 Kg6 36.Ke4 Rb8
37.Rc6 Rb4+ 38.Kf3 Rb3+ 39.Ke4 Kh7 40.Rc7 Kg8 41.Rc8+ Bf8  0-1

[Event "London Classic FIDE Open"]
[Site "London ENG"]
[Date "2009.12.15"]
[Round "9"]
[White "Stephan,Ax"]
[Black "Barle,J"]
[Result "0-1"]
[WhiteElo "2225"]
[BlackElo "2420"]

1.Nf3 d5 2.g3 Nc6 3.d4 Bf5 4.Bg2 e6 5.O-O Nf6 6.c4 dxc4 7.Qa4 Nd7 8.Qxc4 Nb6
9.Qb3 Be4 10.Nbd2 Bd5 11.Qd3 f5 12.Re1 Be7 13.e4 fxe4 14.Nxe4 Bc4 15.Qd1 O-O
16.Bg5 Bd5 17.Bxe7 Qxe7 18.a3 Rad8 19.Qe2 h6 20.Qe3 Qf7 21.Rad1 Nc4 22.Qc3 Nd6
23.Ned2 Nb5 24.Qe3 Nbxd4 25.Nxd4 Nxd4 26.Qxd4 Bxg2 27.Qxa7 b6  0-1

[Event "Tch-SLO League"]
[Site "Rogaska Slatina SLO"]
[Date "2009.12.15"]
[Round "8"]
[White "Stevic,H"]
[Black "Miladinovic,I"]
[Result "1/2-1/2"]
[WhiteElo "2616"]
[BlackElo "2553"]

1.Nf3 d5 2.g3 Nc6 3.d4 Bf5 4.Bg2 Nb4 5.Na3 c6 6.c3 Na6 7.O-O h6 8.Re1 Nf6
9.Nc2 e6 10.Nd2 Be7 11.e4 dxe4 12.Nxe4 Nxe4 13.Bxe4 Bxe4 14.Rxe4 O-O  1/2-1/2

[Event "16th Open A"]
[Site "Zadar CRO"]
[Date "2009.12.16"]
[Round "5"]
[White "Drasko,M"]
[Black "Saric,Ib"]
[Result "1/2-1/2"]
[WhiteElo "2527"]
[BlackElo "2553"]

1.Nf3 d5 2.g3 c6 3.Bg2 Nf6 4.O-O Bg4 5.d3 Nbd7 6.Qe1 Qc7 7.Nbd2 e5 8.e4 dxe4
9.dxe4 Bc5 10.h3 Bh5 11.a4 O-O  1/2-1/2

[Event "16th Open A"]
[Site "Zadar CRO"]
[Date "2009.12.17"]
[Round "7"]
[White "Drasko,M"]
[Black "Jovanic,O"]
[Result "1/2-1/2"]
[WhiteElo "2527"]
[BlackElo "2552"]

1.Nf3 d5 2.g3 Nf6 3.Bg2 Bf5 4.O-O e6 5.d3 h6 6.Nbd2 Be7 7.b3 O-O 8.Bb2 Bh7
9.c4 c6 10.a3 a5 11.Qc2 Nbd7 12.Bc3 b5 13.cxb5  1/2-1/2

[Event "9th Amplico Life Rapid"]
[Site "Warsaw POL"]
[Date "2009.12.19"]
[Round "2"]
[White "Behrendt,C"]
[Black "Vysochin,S"]
[Result "0-1"]
[WhiteElo "2117"]
[BlackElo "2555"]

1.Nf3 d5 2.g3 c6 3.Bg2 Nf6 4.c4 dxc4 5.Na3 Be6 6.Ng5 Bd5 7.e4 h6 8.exd5 hxg5
9.dxc6 Nxc6 10.Nxc4 e6 11.Qa4 Nd5 12.Ne3 Nb4 13.O-O Qd7 14.d4 Be7 15.Rd1 Nd5
16.Nxd5 exd5 17.Qb3 Rd8 18.Be3 O-O 19.Rac1 Na5 20.Qd3 Rc8 21.b3 Nc6 22.Qb5 Rfd8
23.Bf1 Rc7 24.Qe2 Bf6 25.Qh5 g6 26.Qh6 Qf5 27.Bd3 Qf3 28.Qh3 Re7 29.Qg2 Qxg2+
30.Kxg2 Bxd4 31.Bxd4 Nxd4 32.Rc5 Ne6 33.Rb5 b6 34.Kg1  0-1

[Event "16th Open A"]
[Site "Zadar CRO"]
[Date "2009.12.19"]
[Round "9"]
[White "Brulic,D"]
[Black "Bukal,V jr"]
[Result "0-1"]
[WhiteElo "2323"]
[BlackElo "2387"]

1.Nf3 d5 2.g3 Bg4 3.Bg2 Nd7 4.c4 c6 5.cxd5 cxd5 6.Qb3 Nc5 7.Qb4 Bxf3 8.Bxf3 e6
9.O-O Qd7 10.d4 Ne4 11.Qb3 Ngf6 12.Bg2 Be7 13.f3 Nd6 14.Be3 O-O 15.Bf2 Nc4
16.Rd1 Rfc8 17.Nc3 Na5 18.Qc2 b5 19.a3 Nc4 20.e4 a5 21.Qe2 b4 22.Nb1 Rab8
23.a4 b3 24.Rd3 Nxb2 25.Qxb2 Rc2 26.Qxb3 Rxb3 27.Rxb3 Rc1+ 28.Bf1 Qc7  0-1

[Event "9th Amplico Life Rapid"]
[Site "Warsaw POL"]
[Date "2009.12.20"]
[Round "11"]
[White "Vovk,A"]
[Black "Fridman,D2"]
[Result "0-1"]
[WhiteElo "2512"]
[BlackElo "2649"]

1.Nf3 d5 2.g3 g6 3.Bg2 Bg7 4.O-O c5 5.d3 Nf6 6.Nc3 O-O 7.a3 Nc6 8.Rb1 a5
9.a4 Re8 10.Bd2 e5 11.e4 d4 12.Nb5 c4 13.Ne1 Be6 14.f4 Bg4 15.Bf3 Bh3 16.Bg2 Bg4
17.Bf3 h5 18.Bxg4 Nxg4 19.Ng2 exf4 20.gxf4 Qd7 21.Qf3 c3 22.bxc3 dxc3 23.Nxc3 Nb4
24.e5 Rac8 25.Nb5 Bf8 26.Bxb4 axb4 27.d4 Rxc2 28.h3 Nh6 29.Ne3 Rcc8 30.Nd5 Re6
31.Nxb4 Rc4 32.d5 Bxb4 33.dxe6 Qxe6 34.Rbd1 Rc2 35.Nd4 Bc5 36.Kh1 Bxd4 37.Rxd4 Nf5
38.Rd8+ Kh7 39.Rf2 Nh4 40.Qg3 Qc6+ 41.Kg1 Rc1+ 42.Rf1 Qb6+  0-1

[Event "9th Amplico Life Rapid"]
[Site "Warsaw POL"]
[Date "2009.12.20"]
[Round "13"]
[White "Movsesian,S"]
[Black "Fridman,D2"]
[Result "1/2-1/2"]
[WhiteElo "2718"]
[BlackElo "2649"]

1.Nf3 d5 2.g3 g6 3.Bg2 Bg7 4.O-O e5 5.d3 Nc6 6.c3 Nge7 7.e4 O-O 8.Nbd2 a5
9.a4 h6 10.Re1 Re8 11.h3 b6 12.exd5 Nxd5 13.d4 exd4 14.Rxe8+ Qxe8 15.Nxd4 Nxd4
16.Bxd5 Ne2+ 17.Kh2 c6 18.Bg2 Nxc1 19.Rxc1 Be6 20.Qe2 Rd8 21.Re1 b5 22.axb5 cxb5
23.Ne4 b4 24.Qa6 bxc3 25.bxc3 Qa4 26.Nc5 Qc4 27.Qxa5 Rc8 28.Rxe6 Bxc3 29.Qb6 Qxc5
30.Qxc5 Rxc5  1/2-1/2

[Event "XIX Magistral"]
[Site "Pamplona ESP"]
[Date "2009.12.21"]
[Round "1"]
[White "Meier,Geo"]
[Black "Huerga Leache,M"]
[Result "1-0"]
[WhiteElo "2653"]
[BlackElo "2435"]

1.Nf3 d5 2.g3 Bg4 3.Bg2 Nd7 4.c4 e6 5.cxd5 exd5 6.h3 Bxf3 7.Bxf3 Ngf6 8.O-O c6
9.Bg2 Bc5 10.d3 O-O 11.e3 a5 12.Qc2 Re8 13.a3 Bf8 14.b3 Nc5 15.Nd2 Qb6 16.Bb2 Nfd7
17.Rfb1 Ne6 18.h4 Qc5 19.Qd1 Qb5 20.Bf1 h6 21.Nf3 Qb6 22.Bh3 Ndc5 23.b4 axb4
24.axb4 Rxa1 25.Bxa1 Nd7 26.Nd4 Qd8 27.Nxe6 fxe6 28.Bc3 Bd6 29.Ra1 Nf6 30.b5 c5
31.Ra7 Qb8 32.b6 e5 33.e4 d4 34.Qb3+ Kh8 35.Bd2 Re7 36.Qa2 Qf8 37.Bf5 Bb8
38.Ra8 Re8 39.Qc4 Qe7 40.Bc1 Bd6 41.Qa4 Qf8 42.Rxe8 Qxe8 43.Qa7 c4 44.dxc4 Bc5
45.Qxb7 Qd8 46.Qc7 Bxb6 47.Qxe5 Ba5 48.Qe6 d3 49.e5 Nh7 50.Bxd3 Qxd3 51.Qe8+ Nf8
52.Qxf8+ Kh7 53.Qf4  1-0

[Event "Tata Steel TCh-Asia w"]
[Site "Kolkata IND"]
[Date "2009.12.23"]
[Round "2"]
[White "Gomes,Mary"]
[Black "Le Thanh Tu"]
[Result "1-0"]
[WhiteElo "2384"]
[BlackElo "2344"]

1.Nf3 d5 2.g3 c5 3.Bg2 Nc6 4.d3 Nf6 5.Nbd2 g6 6.O-O Bg7 7.e4 O-O 8.Re1 dxe4
9.dxe4 Qb6 10.c3 Ng4 11.Nc4 Qa6 12.Ne3 Rd8 13.Qc2 Be6 14.Ng5 Nce5 15.Nxe6 Nxe3
16.Bxe3 Qxe6 17.f4 Nc4 18.Bc1 Qb6 19.e5 Qc7 20.Qe4 Na5 21.Be3 c4 22.Red1 e6
23.Rd4 Bf8 24.Rad1 Nc6 25.Rxd8 Rxd8 26.Rxd8 Nxd8 27.Kh1 b5 28.Qa8 a5 29.Qa6 Qd7
30.Bd4 a4 31.a3 Kg7 32.Qb6 Be7 33.Kg1 h6 34.Kf2 Kh7 35.Ke3 Kg7 36.Qa7 Qe8
37.Qc7 Kg8 38.Qc8 Kf8 39.Be4 h5 40.h4 Kg7 41.Bb7 Bxh4 42.gxh4 Qe7 43.Bf3 Qxh4
44.Ke2 Qxf4 45.Qxd8 Qc1 46.Bc5 Qxb2+ 47.Kf1 Qc1+ 48.Kg2 Qc2+ 49.Kg1 Qc1+
50.Kh2 Qf4+ 51.Kg2 Kh7 52.Qd4 Qg5+ 53.Kh2 Qf5 54.Qe4 Qg5 55.Be3 Qe7 56.Bc1 Kg7
57.Kh3 Qd8 58.Qe3 Kg8 59.Bxh5 gxh5 60.Qg5+ Qxg5 61.Bxg5 Kh7 62.Kh4 Kg6 63.Be7 Kf5
64.Bd6 Ke4 65.Kxh5 Kd3 66.Bb4 Ke4 67.Kg4 Kxe5 68.Kf3 Kf5 69.Ke3 e5 70.Kf3 Ke6
71.Kg4 f6 72.Ba5 Kf7 73.Kf5 Ke7 74.Bb4+ Kf7 75.Bd6 Ke8 76.Kxf6 e4 77.Bf4  1-0

[Event "Open A"]
[Site "Groningen NED"]
[Date "2009.12.24"]
[Round "4"]
[White "Berkovich,M"]
[Black "Giri,A"]
[Result "0-1"]
[WhiteElo "2406"]
[BlackElo "2585"]

1.Nf3 d5 2.g3 c6 3.Bg2 Nf6 4.O-O Bg4 5.d4 e6 6.Nbd2 Nbd7 7.Re1 Be7 8.e4 O-O
9.c3 Bh5 10.a4 Bg6 11.exd5 cxd5 12.a5 a6 13.Ne5 Nxe5 14.dxe5 Nd7 15.Nb3 Rc8
16.Be3 Qc7 17.Bd4 h6 18.h4 Rfd8 19.Qe2 Qb8 20.h5 Bf5 21.g4 Bh7 22.f4 b5 23.axb6 Nxb6
24.Rxa6 Nc4 25.Na5 Qb5 26.Ra7 Bc5 27.Nxc4 Bxa7 28.Bxa7 Qxc4 29.Bd4 Qxe2 30.Rxe2 Ra8
31.Kf2 Bd3 32.Rd2 Bb5 33.Bf3 Ra2 34.Ke3 Bc4 35.Bc5 Rb8 36.Ba3 Ra1 37.g5 Kh7
38.Bd1 Bb3 39.Bf3 Rc8 40.Rg2 hxg5 41.fxg5 Re1+ 42.Kd2 Rxe5 43.Bd6 Rf5 44.g6+ fxg6
45.hxg6+ Kg8 46.Bg4 Rf6 47.Be2 d4 48.Be5 dxc3+ 49.Bxc3 e5 50.Ke3 Bc4 51.Bh5 Rd8
52.Rg5 Rd5 53.Bxe5 Rf1 54.Bg4 Re1+ 55.Kf4 Rb5 56.Bh3 Rh1 57.Bg2 Rh4+ 58.Ke3 Be6
59.Be4 Rh3+ 60.Kd2 Rhb3 61.Kc1 Re3 62.Bd4 Rxg5  0-1

[Event "Open A"]
[Site "Groningen NED"]
[Date "2009.12.24"]
[Round "4"]
[White "Heemskerk,W"]
[Black "Van der Wiel,J"]
[Result "1/2-1/2"]
[WhiteElo "2236"]
[BlackElo "2475"]

1.Nf3 d5 2.g3 c6 3.Bg2 Bg4 4.d3 Nd7 5.c4 dxc4 6.dxc4 Bxf3 7.Bxf3 Ne5 8.Qb3 Nxf3+
9.Qxf3 g6 10.Bd2 Bg7 11.Bc3 Nf6 12.Nd2 O-O 13.O-O Qd7 14.Nb3 Rfd8 15.Nc5 Qc7
16.Rad1 Ne8 17.Ne4 Bxc3 18.bxc3 Ng7 19.Ng5 f6  1/2-1/2

[Event "IX Gema Open"]
[Site "Mondariz ESP"]
[Date "2009.12.26"]
[Round "1"]
[White "Frois,A"]
[Black "Rodriguez Plana,J"]
[Result "1-0"]
[WhiteElo "2404"]
[BlackElo "1753"]

1.Nf3 d5 2.g3 Nf6 3.Bg2 Nc6 4.c4 e5 5.cxd5 Nxd5 6.Nc3 Nxc3 7.bxc3 e4 8.Nd4 Nxd4
9.cxd4 Qxd4 10.Rb1 Bc5 11.O-O O-O 12.Bb2 Qd5 13.d3 Qxa2 14.Qc1 Bb6 15.Bxe4 f5
16.Qg5 Rf7 17.Qd8+ Rf8 18.Bd5+  1-0

[Event "Tata Steel TCh-Asia w"]
[Site "Kolkata IND"]
[Date "2009.12.27"]
[Round "6"]
[White "Gomes,Mary"]
[Black "Premanath,D"]
[Result "1-0"]
[WhiteElo "2384"]
[BlackElo "1819"]

1.Nf3 d5 2.g3 c5 3.Bg2 Nc6 4.d3 e6 5.O-O Nf6 6.Nbd2 Be7 7.e4 O-O 8.e5 Nd7
9.Re1 b5 10.Nf1 Re8 11.h4 f6 12.exf6 Bxf6 13.Ne3 Bb7 14.Ng4 Qe7 15.h5 Qf7
16.Nxf6+ Nxf6 17.h6 gxh6 18.Bxh6 Ng4 19.Bf4 e5 20.Ng5 Qd7 21.Bxd5+ Qxd5 22.Qxg4 Kh8
23.Qf5 Re7 24.Re4 Rae8 25.Rae1 Nd4 26.Bxe5+ Kg8 27.Qh3 Qd8 28.Rg4 Rg7 29.Re3 Rxg5
30.Bxd4 Rxe3 31.Bxe3 Rg7 32.Rxg7+ Kxg7 33.Qg4+ Kf7 34.Qf5+ Kg8 35.Qe6+ Kg7
36.Bh6+ Kh8 37.Qe5+ Kg8 38.Qg7+  1-0

[Event "XIX Magistral"]
[Site "Pamplona ESP"]
[Date "2009.12.27"]
[Round "7"]
[White "Reinaldo Castineira,R"]
[Black "Alsina Leal,D"]
[Result "1/2-1/2"]
[WhiteElo "2488"]
[BlackElo "2523"]

1.Nf3 d5 2.g3 Nf6 3.Bg2 c6 4.O-O Bg4 5.h3 Bh5 6.c4 Nbd7 7.cxd5 cxd5 8.Qb3 Qb6
9.Qxb6 Nxb6 10.d3 e6 11.Be3 Nfd7 12.Rc1 Bd6 13.Nc3 a6 14.Nd2 O-O 15.Nb3 Rfc8
16.g4 Bg6 17.a4 a5 18.Nb5 Bb4 19.Nc7 Rab8 20.Rc2 Bd6 21.Rac1 Bb4 22.Bd2 Bxd2
23.Nxd2 Ne5 24.Nb3 Nc6 25.Nb5 Rd8 26.Ra1 h5 27.Rcc1 hxg4 28.hxg4 Kf8 29.N5d4 Nxd4
30.Nxd4 Rdc8 31.Nb3 Rxc1+ 32.Rxc1 Nxa4 33.Nxa5 Nxb2 34.Rb1 Na4 35.Rxb7 Rxb7
36.Nxb7 Ke7 37.f4 Nc3 38.Bf3 f6 39.d4 Be4 40.Kf2 Nd1+ 41.Kg3 Bxf3  1/2-1/2

[Event "Open A"]
[Site "Groningen NED"]
[Date "2009.12.28"]
[Round "7"]
[White "Podzielny,KH"]
[Black "Pijpers,A"]
[Result "1-0"]
[WhiteElo "2456"]
[BlackElo "2201"]

1.Nf3 d5 2.g3 Bg4 3.Bg2 Nd7 4.O-O c6 5.b3 Ngf6 6.Bb2 e6 7.c4 Be7 8.d3 O-O
9.Nbd2 Re8 10.Qc2 Bf8 11.h3 Bh5 12.Rfe1 Qb8 13.a3 a5 14.e3 b5 15.g4 Bg6 16.Nh4 bxc4
17.Nxg6 cxb3 18.Qxc6 Rc8 19.Qa4 Nc5 20.Qd4 hxg6 21.g5 Ne8 22.Bf1 a4 23.Nf3 Nd7
24.Rac1 Rc5 25.h4 Qa7 26.Qg4 Rxc1 27.Rxc1 Bd6 28.h5 gxh5 29.Qxh5 Nf8 30.Be2 Ng6
31.Nh4 Nxh4 32.Qxh4 Qb8 33.g6 f6 34.Bg4 f5 35.Qh7+ Kf8 36.Bxg7+ Nxg7 37.Qh8+ Ke7
38.Qxg7+ Ke8 39.Qf7+ Kd8 40.g7  1-0

[Event "IX Gema Open"]
[Site "Mondariz ESP"]
[Date "2009.12.28"]
[Round "5"]
[White "Frois,A"]
[Black "Ferreira,Jor1"]
[Result "1/2-1/2"]
[WhiteElo "2404"]
[BlackElo "2273"]

1.Nf3 d5 2.g3 Bg4 3.Bg2 Nd7 4.c4 e6 5.cxd5 exd5 6.O-O Ngf6 7.d3 Be7 8.Nc3 c6
9.Bf4 O-O 10.h3 Bxf3 11.Bxf3 d4 12.Ne4 Nd5 13.Qc1 Nxf4 14.gxf4 Qc7  1/2-1/2

[Event "IX Gema Open"]
[Site "Mondariz ESP"]
[Date "2009.12.30"]
[Round "7"]
[White "Movsziszian,K"]
[Black "Frois,A"]
[Result "1-0"]
[WhiteElo "2541"]
[BlackElo "2404"]

1.Nf3 d5 2.g3 Bg4 3.Bg2 c6 4.O-O Nd7 5.d3 e5 6.e4 dxe4 7.dxe4 Ngf6 8.Qe1 Bc5
9.Nbd2 O-O 10.Nc4 Re8 11.a4 Qc7 12.h3 Bh5 13.Nh4 Rad8 14.b4 Bf8 15.Be3 Nb6
16.Nb2 Nc8 17.a5 Bg6 18.Nxg6 hxg6 19.Nd3 Rd7 20.f3 Qb8 21.h4 Rdd8 22.Qf2 Re7
23.Bh3 a6 24.Rad1 Ree8 25.Rd2 Qc7 26.g4 Bd6 27.Kh1 Qe7 28.c3 Bc7 29.Rg1 Rd6
30.Bg5 Rdd8 31.Bf1 Bd6 32.Be3 Qe6 33.h5 Nh7 34.hxg6 Qxg6 35.Qh4 Qf6 36.Qxf6 Nxf6
37.Be2 Nh7 38.Rgd1 Nf8 39.Nc5 Re7 40.Nxb7  1-0

[Event "52nd It"]
[Site "Reggio Emilia ITA"]
[Date "2009.12.30"]
[Round "3"]
[White "Kamsky,G"]
[Black "Godena,M"]
[Result "1/2-1/2"]
[WhiteElo "2695"]
[BlackElo "2537"]

1.Nf3 d5 2.g3 Nc6 3.d4 Bf5 4.Bg2 Nb4 5.Na3 c6 6.Nh4 Bg4 7.h3 Be6 8.c3 Na6
9.O-O g6 10.Nc2 Bg7 11.Kh2 Nc7 12.f3 f6 13.e4 Bf7 14.f4 dxe4 15.Bxe4 e6 16.b3 Ne7
17.c4 O-O 18.Bb2 Qd7 19.Bg2 Rad8 20.Qe1 Rfe8 21.Qf2 Na6 22.Rae1 Qc7 23.Bc3 Nb8
24.Re2 Nd7 25.Qe1 Nc8 26.Qa1 Nd6 27.Rfe1 g5 28.fxg5 fxg5 29.Nf3 Nf5 30.Ne5 Nxe5
31.dxe5 Bg6 32.Be4 Rf8 33.Qc1 Nxg3 34.Kxg3 Bxe5+ 35.Bxe5 Qxe5+ 36.Kg2 Bxe4+
37.Rxe4 Rf2+ 38.Kxf2 Qh2+ 39.Ke3 Qg3+ 40.Ke2 Qg2+ 41.Ke3 Qxh3+ 42.Ke2 Qg2+
43.Ke3 Qg3+ 44.Ke2 Qd3+ 45.Kf2 Rf8+ 46.Kg2 Qf3+ 47.Kh2 Qf2+ 48.Kh1 Qf3+  1/2-1/2

[Event "52nd It"]
[Site "Reggio Emilia ITA"]
[Date "2009.12.30"]
[Round "3"]
[White "Vocaturo,D"]
[Black "Caruana,F"]
[Result "1-0"]
[WhiteElo "2500"]
[BlackElo "2652"]

1.Nf3 d5 2.g3 Bg4 3.Bg2 c6 4.c4 e6 5.cxd5 Bxf3 6.Bxf3 cxd5 7.O-O Nf6 8.d3 Nc6
9.Nc3 Be7 10.Qa4 O-O 11.Bf4 a6 12.Rfc1 b5 13.Qd1 Rc8 14.e4 d4 15.Nb1 Nd7
16.Bd2 Nc5 17.Be2 Na4 18.b3 Nb6 19.a4 b4 20.Be1 Qd7 21.a5 Na8 22.Nd2 Na7
23.Nc4 Nb5 24.f4 Nc3 25.Qd2 Bc5 26.Bf3 Qe7 27.g4 Nc7 28.Bg3 f5 29.Re1 fxe4
30.Bxe4 N7d5 31.Bxd5 Nxd5 32.Re4 Nf6 33.Rae1 Nxe4 34.Rxe4 Ba7 35.f5 Rc6 36.Ne5 Rc3
37.Nc4 Rxb3 38.Bd6 Qh4 39.Bxf8 Qh3 40.Bxb4 Rxd3 41.Qg2 Qh4 42.Qf2 Qh3 43.fxe6 Rd1+
44.Be1 d3 45.Nb6  1-0

[Event "Pan-American Intercollegiate"]
[Site "South Padre Island USA"]
[Date "2009.12.30"]
[Round "6"]
[White "Bachmann,Ax"]
[Black "Ludwig,Dan"]
[Result "1/2-1/2"]
[WhiteElo "2553"]
[BlackElo "2461"]

1.Nf3 d5 2.g3 Nf6 3.Bg2 c6 4.O-O Bg4 5.d3 Nbd7 6.c4 e6 7.b3 Be7 8.Bb2 O-O
9.Nbd2 a5 10.a3 b5  1/2-1/2

[Event "39th Rilton Cup"]
[Site "Stockholm SWE"]
[Date "2009.12.31"]
[Round "5"]
[White "Berczes,C"]
[Black "Satonen,A"]
[Result "1-0"]
[WhiteElo "2379"]
[BlackElo "2177"]

1.Nf3 d5 2.g3 c5 3.Bg2 Nc6 4.d4 e6 5.O-O Nf6 6.c4 Be7 7.Nc3 O-O 8.cxd5 exd5
9.dxc5 Bxc5 10.Na4 Be7 11.Nd4 Re8 12.Nxc6 bxc6 13.Be3 Bf5 14.Rc1 Qd7 15.Bc5 Bh3
16.Bxe7 Bxg2 17.Kxg2 Rxe7 18.Nc5 Qf5 19.e3 Rb8 20.b3 Rb4 21.Qf3 Qg6 22.Rfd1 Ng4
23.Nd3 Rbe4 24.Nf4 Qf5 25.Rxc6 Ne5 26.Qh5 Qd7 27.Rc5 g6 28.Qh3 f5 29.Nxd5 Kg7
30.Rc7 Qxc7 31.Nxc7 Rxc7 32.Rd4 Rxd4 33.exd4 Ng4 34.Qh4 Rc2 35.Qe7+ Kh6 36.d5 Rxf2+
37.Kg1 Rxh2 38.Qe1 Rxa2 39.d6 Nf6 40.Qe3+ Kh5 41.Qd4 Ne4 42.g4+ Kh4 43.gxf5 gxf5
44.d7 Kg3 45.Qg7+ Kf3 46.d8=Q Ng3 47.Qd3+  1-0

[Event "39th Rilton Cup"]
[Site "Stockholm SWE"]
[Date "2009.12.31"]
[Round "5"]
[White "Shimanov,A"]
[Black "Richter,Mic"]
[Result "1-0"]
[WhiteElo "2535"]
[BlackElo "2412"]

1.Nf3 d5 2.g3 Nf6 3.Bg2 Bf5 4.O-O c6 5.d3 h6 6.b3 e6 7.Bb2 Be7 8.Nbd2 O-O
9.c4 Bh7 10.Rc1 a5 11.a3 Nbd7 12.Rc2 Bd6 13.Qa1 Qe7 14.cxd5 cxd5 15.Nd4 Bc5
16.Nb5 Rac8 17.Rfc1 Rc6 18.Nd4 Rb6 19.N4f3 Rc6 20.b4 axb4 21.axb4 Bxb4 22.Rxc6 bxc6
23.Rxc6 e5 24.Nb3 e4 25.dxe4 Bxe4 26.Nbd4 Bc5 27.Ra6 Rc8 28.Kf1 Bxd4 29.Bxd4 Bxf3
30.Bxf3 Qb4 31.Kg2 Qc4 32.g4 Qc1 33.Qxc1 Rxc1 34.Rd6 Rc4 35.e3 Rc7 36.h4 Ne8
37.Rxd5 Nf8 38.Rd8 Nf6 39.g5 hxg5 40.hxg5 Nh7 41.g6 Ng5 42.Bd5 Ne6 43.Rb8 Rc2  1-0

[Event "85th Masters"]
[Site "Hastings ENG"]
[Date "2010.01.01"]
[Round "5"]
[White "Giffard,N"]
[Black "Hansen,Vi"]
[Result "1-0"]
[WhiteElo "2351"]
[BlackElo "2113"]

1.Nf3 d5 2.g3 Nf6 3.Bg2 g6 4.c4 c6 5.Na3 Bg7 6.O-O O-O 7.d3 Re8 8.Qc2 e5
9.e4 d4 10.c5 b5 11.cxb6 axb6 12.Nc4 Nh5 13.b4 Ba6 14.Bg5 Qc7 15.a4 h6 16.Bd2 Nd7
17.Rfc1 Rac8 18.Qb1 Qb8 19.b5 Bb7 20.Bh3 Nhf6 21.Nxb6 Nxb6 22.Bxc8 Bxc8 23.a5 Na8
24.b6 Ba6 25.Rxc6 Qb7 26.Rc1 Bf8 27.Ne1 Nd7 28.Bb4 f5 29.f3 Nf6 30.Qb3+ Kg7
31.Bxf8+ Rxf8 32.Qe6 Re8 33.Qc6 Qf7 34.Rab1 Rb8 35.Qd6 Re8 36.Rb2 fxe4 37.dxe4 Nxe4
38.Qb4 Nc3 39.Rxc3 dxc3 40.Qxc3 Kh7 41.Qb3 Bc4 42.Qb4 Rb8 43.Qd6 Rb7 44.Qxe5 Re7
45.Qc3 Ba6 46.Qb4 Qe6 47.Ng2 Bb7 48.Rf2 Rd7 49.Nf4 Qe3 50.Qb1 Rd6 51.Kg2 Qc3
52.a6 Qc6 53.axb7 Qxb7 54.h4 Rxb6 55.Qd3 Kg7 56.h5 gxh5 57.Nxh5+ Kg8 58.Qd8+ Kf7
59.Qh8 Qa6 60.Rd2 Rd6 61.Qg7+ Ke8 62.Qe5+ Kd7 63.Nf6+ Kc7  1-0

[Event "ch-NZL"]
[Site "Auckland NZL"]
[Date "2010.01.02"]
[Round "1"]
[White "Gunn,N"]
[Black "Watson,B"]
[Result "0-1"]
[WhiteElo "2040"]
[BlackElo "2270"]

1.Nf3 d5 2.g3 Nf6 3.Bg2 e6 4.O-O Be7 5.c4 O-O 6.cxd5 exd5 7.d4 c6 8.Nc3 Re8
9.Bg5 Nbd7 10.e3 h6 11.Bxf6 Nxf6 12.Qc2 Bd6 13.Nh4 Bd7 14.Rfe1 Qc8 15.e4 dxe4
16.Nxe4 Nxe4 17.Rxe4 Rxe4 18.Bxe4 Be6 19.Rc1 Qd7 20.Bf5 Be7 21.Bxe6 Qxe6
22.Qc4 Qxc4 23.Rxc4 Bxh4 24.gxh4 Rd8 25.f3 Rd5 26.a4 Kf8 27.Rb4 b5 28.axb5 cxb5
29.Rb3 a5 30.Rd3 a4 31.b3 a3 32.b4 a2 33.Ra3 Rxd4 34.Rxa2 Rxb4 35.Ra8+ Ke7
36.Ra7+ Ke6 37.Rb7 Rb2 38.h5 b4 39.Rb6+ Ke5 40.Rb7 b3 41.Rb4 Kd5 42.h4 Kc5
43.Rb7 Kc4 44.Rc7+ Kd3  0-1

[Event "85th Masters"]
[Site "Hastings ENG"]
[Date "2010.01.02"]
[Round "6"]
[White "Martin,Andrew"]
[Black "Almond,R"]
[Result "1-0"]
[WhiteElo "2423"]
[BlackElo "2174"]

1.Nf3 d5 2.g3 Nf6 3.Bg2 c6 4.O-O g6 5.d3 Bg7 6.Nbd2 O-O 7.e4 Qc7 8.Re1 dxe4
9.dxe4 Rd8 10.Qe2 e5 11.b4 Bg4 12.Bb2 Nbd7 13.Nc4 Ne8 14.Ne3 Be6 15.Ng5 Nf8
16.Nxe6 Nxe6 17.c3 b5 18.h4 Nf6 19.a4 a6 20.Qc2 Qe7 21.Bh3 Nd7 22.Qb3 Ndf8
23.Rad1 Rxd1 24.Rxd1 Rd8 25.Bc1 h5 26.a5 Kh7 27.Qc2 Rd6 28.Rxd6 Qxd6 29.Nf5 gxf5
30.exf5 Nf4 31.gxf4 Bf6 32.Qe2 exf4 33.Qxh5+ Kg8 34.Qg4+ Kh8 35.Bxf4 Qd3
36.Bf1 Qxc3 37.Bh6 Nh7 38.Qe4 Qe5 39.Qxc6 Qe7 40.Qxa6 Qd8 41.Qxb5 Bxh4 42.Bf4 Ng5
43.Qb8  1-0

[Event "Meister Open"]
[Site "Basel SUI"]
[Date "2010.01.03"]
[Round "4"]
[White "Pelletier,Y"]
[Black "Siebrecht,S"]
[Result "1/2-1/2"]
[WhiteElo "2602"]
[BlackElo "2468"]

1.Nf3 d5 2.g3 c6 3.Bg2 Bg4 4.c4 e6 5.O-O Bxf3 6.Bxf3 dxc4 7.Na3 Bxa3 8.bxa3 Qb6
9.Qc2 Qa6 10.Bb2 Nf6 11.Rfc1 Nbd7 12.Qxc4 Qxc4 13.Rxc4 O-O-O 14.d3 Rhe8 15.a4 Nb6
16.Rh4 e5 17.a5 Nbd5 18.a6 bxa6 19.Ra4 Kb7 20.Rb1 Nb6 21.Ra5 Nfd7 22.Bc1 Nf6
23.Bb2 Nfd7 24.Bc3 f6 25.Bd2 Nf8 26.Be4 g6 27.Rc5 Rd6 28.Bb4 Rde6 29.Rbc1 Rc8
30.Rxc6 Rexc6 31.Rxc6 Rxc6 32.Bxf8 f5 33.Bxc6+ Kxc6 34.Kf1 Nd5 35.Ke1 Nc3
36.a3 Nb5 37.Kd2 a5 38.a4 Nd4 39.h3 Kd5 40.Be7 Nc6 41.Bg5 a6 42.Be3 e4 43.Bb6 exd3
44.exd3 Kd6 45.Kc3 Kd5 46.Kc2 Nb4+ 47.Kd2 Nc6 48.Kc3 Kd6 49.f3 Kd5 50.f4 h6
51.h4 h5 52.Kc2 Kd6 53.Kb3 Kd5 54.Kc3 Nb8 55.Bxa5 Nd7 56.Bd8 Nc5 57.Kb4 Nxd3+
58.Ka5 Kc6 59.Bb6 Kb7 60.Bg1 Ne1 61.Kb4 Kc6 62.Ka5 Kb7 63.Kb4 Kc6 64.Kc4 Nf3
65.Be3 Nh2 66.Kd4 Nf3+ 67.Kc4 Nh2 68.Kd4 Nf3+ 69.Kc4  1/2-1/2

[Event "ZVO Open"]
[Site "Borovo CRO"]
[Date "2010.01.03"]
[Round "2"]
[White "Oreskovic,P"]
[Black "Mrkonjic,N"]
[Result "0-1"]
[WhiteElo "2117"]
[BlackElo "2382"]

1.Nf3 d5 2.g3 Nf6 3.Bg2 Bf5 4.O-O e6 5.d3 h6 6.c3 c6 7.Nbd2 Be7 8.Qe1 O-O
9.e4 Bh7 10.e5 Nfd7 11.Qe2 Qc7 12.d4 c5 13.b3 Nc6 14.Bb2 cxd4 15.cxd4 Nb4
16.Rfc1 Qb6 17.Ba3 Rfc8 18.Bxb4 Bxb4 19.Rxc8+ Rxc8 20.Nf1 Rc2 21.Qd1 Ba3
22.Ne3 Rc6 23.Qe2 Bc1 24.h4 Qb4 25.Qe1 Qa3 26.Qe2 Bb2 27.Rd1 a6 28.Bh3 Nf8
29.g4 Qxa2 30.g5 h5 31.Ne1 Qxb3 32.Qxh5 Rc1 33.Bg4 Bg6 34.Rxc1 Bxh5 35.Rc8 Bxg4
36.Nxg4 Qd1  0-1

[Event "39th Rilton Cup"]
[Site "Stockholm SWE"]
[Date "2010.01.03"]
[Round "7"]
[White "Berczes,C"]
[Black "Kiuttu,R"]
[Result "1-0"]
[WhiteElo "2379"]
[BlackElo "2194"]

1.Nf3 d5 2.g3 Nf6 3.Bg2 e6 4.O-O Be7 5.b3 O-O 6.c4 c5 7.e3 Nc6 8.Bb2 b6 9.Qe2 Bb7
10.d4 cxd4 11.Nxd4 Nxd4 12.Bxd4 Rc8 13.Rd1 Qc7 14.Nd2 dxc4 15.Nxc4 Bxg2 16.Kxg2 b5
17.Ne5 Qb7+ 18.Qf3 Qxf3+ 19.Kxf3 a6 20.Rac1 Ba3 21.Rc6 Rxc6 22.Nxc6 Nd5 23.e4 Ne7
24.Nxe7+ Bxe7 25.Rc1 Ra8 26.Rc7 Bd8 27.Rb7 Kf8 28.Ke3 g6 29.Bc5+ Ke8 30.Kd4 Rc8
31.b4 Bf6+ 32.e5 Bd8 33.Ke4 Rc7 34.Rb8 Kd7 35.Ra8 Rc6 36.a3 Ke8 37.g4 Kd7
38.f4 Ke8 39.f5 gxf5+ 40.gxf5 exf5+ 41.Kxf5 Rh6 42.Be3 Rg6 43.h4 Kd7 44.h5 Rg3
45.Ra7+ Ke8 46.Bf4 Rxa3 47.e6 fxe6+ 48.Kxe6 Rf3 49.Be5 h6 50.Ra8 Re3 51.Rxa6 Re2
52.Ra8 Re1 53.Rb8 Re4 54.Rb7 Kf8 55.Rf7+ Ke8 56.Rh7 Rxe5+ 57.Kxe5 Be7 58.Ke6 Bxb4
59.Rxh6 Bc3 60.Rg6 Kf8 61.h6 b4 62.h7 Bg7 63.Rg3  1-0

[Event "39th Rilton Cup"]
[Site "Stockholm SWE"]
[Date "2010.01.03"]
[Round "7"]
[White "Angskog,K"]
[Black "Logdahl,H"]
[Result "1-0"]
[WhiteElo "2229"]
[BlackElo "2214"]

1.Nf3 d5 2.g3 Nc6 3.Bg2 e5 4.d3 f6 5.O-O Be6 6.c3 Qd7 7.b4 Nd8 8.Nbd2 a5
9.bxa5 Rxa5 10.e4 c6 11.d4 Nf7 12.Re1 Bd6 13.exd5 cxd5 14.Nb3 Ra6 15.dxe5 fxe5
16.Nxe5 Nxe5 17.f4 Qc7 18.fxe5 Bc5+ 19.Nxc5 Qxc5+ 20.Be3 Qc6 21.c4 Ne7 22.Rf1 Qxc4
23.Rc1 Qxa2 24.Rc7 Nf5 25.Rxf5 Bxf5 26.Bxd5 Bg4 27.Qxg4 Qxd5 28.Rc8+ Kf7
29.Qf5+ Rf6 30.Rc7+ Ke8 31.Qc8+ Qd8 32.exf6  1-0

[Event "15th Open"]
[Site "Bosnjaci CRO"]
[Date "2010.01.04"]
[Round "2"]
[White "Baturina,A"]
[Black "Dabo Peranic,R"]
[Result "1/2-1/2"]
[WhiteElo "2101"]
[BlackElo "2315"]

1.Nf3 d5 2.g3 g6 3.Bg2 Bg7 4.c4 d4 5.d3 e5 6.O-O Ne7 7.Nbd2 O-O 8.b4 a5 9.b5 c5
10.bxc6 Nexc6 11.Ba3 Nb4 12.Qb3 Qe7 13.Ne1 Bh6 14.Ndf3 N8c6 15.Nc2 Ra6 16.Bxb4 Nxb4
17.Nxb4 Qxb4 18.Qxb4 axb4 19.Rfb1 Ra4 20.a3 bxa3 21.Rb3 e4 22.dxe4 Rxc4 23.Rbxa3 Be6
24.Rb3 Rfc8 25.Rd1 Rc1 26.Rb1 b5 27.Rdxc1  1/2-1/2